000 01647nam a2200469 a 4500
001 21515
003 VRT
005 20260303144252.0
008 200104s2011 xo a b 000 0 slo
015 _aSNBA2012/02-01029
020 _a9788080895754
_q(viaz.)
035 _aurn:nbn:sk:snk-am00cz9d
035 _aurn:nbn:sk:snk-am3hg99
035 _aF8627569-4187-4F11-BA71-0147F2DB83D6
039 9 _a202305011153
_bAUTHORITY
_c202305011135
_dAUTHORITY
_c202305011119
_dcsnk01
_c202001041113
_dVLOAD
040 _aSNK
_bslo
_cSNK
_eAACR2
041 1 _aslo
_hcze
044 _axo
_cSK
072 7 _a821-93
_xLiteratúra pre deti a mládež (beletria)
_2konspekt
080 _a821-93
_22001
080 _a(0.025.2)
_22001
100 1 _aKožíšek, Josef,
_d1861-1933
_4aut
245 1 0 _aO chorom mravčekovi
_cJosef Kožíšek ; ilustrácie Ladislava Pechová
250 _a[1.] slov. vyd.
260 _aBratislava
_bFragment
_c2011
300 _a[12] s.
_bfareb. ilustr.
_c15 x 22 cm
490 1 _aČítanie pre radosť a poučenie
500 _aNázov z obalu. Kartónové listy
521 1 _aPre deti od 2 rokov
655 7 _aleporelá
_2SNKPH
655 7 _ačeské rozprávky
_2SNKPH
655 7 _aPicture books for children
655 7 _aChildren’s literature
_2SNKPH
700 1 _aPechová, Ladislava
_4ill
830 0 _aČítanie pre radosť a poučenie
942 _2ddc
_cKLDE
_n0
949 _617A0795849
_asnkSE 12292
_bsnk2012/924
_o2876/11
_s6100:20170927
949 _617A0795851
_asnkSE 12292 D1
_bsnk2012/925
_o2876/11
980 _a087.5
980 _a(084)
999 _c21515
_d21515